Camélidos en Chile: situación actual y perspectivas

Guardat en:
Dades bibliogràfiques
Autor corporatiu: Fundación para la Innovación Agraria (Autor), FIA (Autor)
Format: Llibre
Idioma:espanyol
Publicat: Santiago FIA 2000
Matèries:
Etiquetes: Afegir etiqueta
Sense etiquetes, Sigues el primer a etiquetar aquest registre!

MARC

LEADER 00000nam a2200000 a 4500
001 UCO6483
003 CL-VaPUC
008 001020e20000000cl |||||||||||||||||spa|d
082 0 4 |a 636.296  |b FUN  |2 21 
110 2 |a Fundación para la Innovación Agraria  |e author  |9 451111 
710 2 |a FIA  |e author  |9 451112 
245 1 0 |a Camélidos en Chile: situación actual y perspectivas 
300 |a 130 p 
942 |c BK 
945 |d 20001020 00:00:00  |a cmena 
260 |a Santiago  |b FIA  |c 2000 
650 7 |a CAMELIDOS  |2 CL-VaPUC  |9 451113 
650 0 |a Ganadería  |9 264177 
650 0 |a Productividad   |9 335972 
650 7 |a DESARROLLO AGRICOLA  |2 CL-VaPUC  |9 259759 
650 0 |a Alpacas  |9 656167 
650 0 |a Vicuña  |9 451115 
650 7 |a GUANACO  |2 CL-VaPUC  |9 451116 
583 |a last modification  |c 20171011 01:51:20  |k Rodrigo Vera 
999 |c 291977  |d 291975 
952 |0 0  |1 0  |4 0  |6 636_296000000000000_FUN_2000  |7 0  |8 A  |9 342354  |a BIBAGR  |b BIBAGR  |d 2019-11-20  |i 3658023  |o 636.296 FUN 2000  |p 3658023  |r 2025-01-20  |w 2019-11-20  |y BK  |k AGR 
952 |0 0  |1 0  |4 0  |6 636_296000000000000_FUN_2000  |7 0  |8 A  |9 342355  |a BIBAGR  |b BIBAGR  |d 2019-11-20  |i 3772845  |o 636.296 FUN 2000  |p 3772845  |r 2025-01-20  |w 2019-11-20  |y BK  |k AGR 
952 |0 0  |1 0  |4 0  |6 636_296000000000000_FUN_2000  |7 0  |8 A  |9 342356  |a BIBAGR  |b BIBAGR  |d 2019-11-20  |i 3772853  |o 636.296 FUN 2000  |p 3772853  |r 2025-01-20  |w 2019-11-20  |y BK  |k AGR 
952 |0 0  |1 0  |4 0  |6 636_296000000000000_FUN_2000  |7 0  |8 A  |9 342357  |a BIBAGR  |b BIBAGR  |d 2019-11-20  |i 3772861  |o 636.296 FUN 2000  |p 3772861  |r 2025-01-20  |w 2019-11-20  |y BK  |k AGR